| 000 | 00740nam a22002411i 4500 | ||
|---|---|---|---|
| 001 | 33488 | ||
| 003 | BD-RjUL | ||
| 005 | 20211209052021.0 | ||
| 008 | 140508s1973 bg 000 0 eng d | ||
| 035 | _a(BD-RjUL)33579 | ||
| 040 |
_aDLC _cDLC _dm.c _dBD-RjUL _beng |
||
| 041 | _aeng | ||
| 082 |
_a954.9204 _bSHS 1973 |
||
| 100 | 1 |
_aShams-ud-din, Abu Zafar. _9101634 |
|
| 245 | 1 | 0 |
_aSociology of Bengal politics and other essays / _cby Abu Jafar Shamsuddin |
| 260 |
_aDhaka : _bBangla Academy, _c1973. |
||
| 300 |
_a153 p. ; _c22 cm. |
||
| 651 | 0 |
_aBangladesh _xPolitics and government _9101635 |
|
| 651 | 0 |
_aBangladesh _xSocial conditions _9101636 |
|
| 651 | 0 |
_aBangladesh _xCivilization _9101637 |
|
| 942 |
_2ddc _cBK |
||
| 999 |
_c33488 _d33488 |
||